Mathematical statistics with applications. (2nd ed.) (Record no. 82738)

MARC details
000 -LEADER
fixed length control field 01001nam a2200241 a 4500
008 - FIXED-LENGTH DATA ELEMENTS--GENERAL INFORMATION
fixed length control field 120416s1981 ||||||||||||||||| || u
020 ## - INTERNATIONAL STANDARD BOOK NUMBER
International Standard Book Number 0878722793
050 ## - LIBRARY OF CONGRESS CALL NUMBER
Classification number QA 276 Men
100 ## - MAIN ENTRY--PERSONAL NAME
Personal name Mendenhall, William
245 10 - TITLE STATEMENT
Title Mathematical statistics with applications. (2nd ed.)
250 ## - EDITION STATEMENT
Edition statement 2nd ed.
260 ## - PUBLICATION, DISTRIBUTION, ETC.
Place of publication, distribution, etc. Boston, Mass. :
Name of publisher, distributor, etc. Duxbury
Date of publication, distribution, etc. 1981
300 ## - PHYSICAL DESCRIPTION
Extent xiii, 686p. : ill.
350 ## -
-- 0.00
500 ## - GENERAL NOTE
General note Bibliography
650 #3 - SUBJECT ADDED ENTRY--TOPICAL TERM
Topical term or geographic name entry element P0PULATION STATISTICS
650 #0 - SUBJECT ADDED ENTRY--TOPICAL TERM
Topical term or geographic name entry element MATHEMATICAL STATISTICS
700 ## - ADDED ENTRY--PERSONAL NAME
Personal name Wackerly, Dennis D., 1945-
700 ## - ADDED ENTRY--PERSONAL NAME
Personal name Scheaffer, Richard L
995 ## -
-- SHORT LOAN BOOKS
-- 0.00
-- 707838
-- CBU-MAIN LIBRARY (Kitwe)
-- 1
-- 31.90
-- QA 276 Men
-- 1
-- AVAILABLE
-- 011505
-- Short Loan Collection
995 ## -
-- SHORT LOAN BOOKS
-- 0.00
-- 721758
-- CBU-MAIN LIBRARY (Kitwe)
-- 2
-- 31.90
-- QA 276 Men
-- 2
-- AVAILABLE
-- 011506
-- Short Loan Collection
995 ## -
-- SHORT LOAN BOOKS
-- 0.00
-- 721393
-- CBU-MAIN LIBRARY (Kitwe)
-- 3
-- 31.90
-- QA 276 Men
-- 3
-- AVAILABLE
-- 011507
-- Short Loan Collection
999 ## -
-- 82738
-- 82738
Holdings
Withdrawn status Lost status Source of classification or shelving scheme Damaged status Not for loan Permanent Location Current Location Shelving location Date acquired Total Checkouts Full call number Barcode Date last seen Copy number Price effective from Koha item type
          CBU-MAIN LIBRARY, KITWE. CBU-MAIN LIBRARY, KITWE.   09/29/2023   QA 276 Men 011505 09/29/2023 1 09/29/2023 SHORT LOAN COLLECTION
          CBU-MAIN LIBRARY, KITWE. CBU-MAIN LIBRARY, KITWE.   09/29/2023   QA 276 Men 011506 09/29/2023 2 09/29/2023 SHORT LOAN COLLECTION
          CBU-MAIN LIBRARY, KITWE. CBU-MAIN LIBRARY, KITWE.   09/29/2023   QA 276 Men 011507 09/29/2023 3 09/29/2023 SHORT LOAN COLLECTION